Yli 50 miljoonan asukkaan valtiot - Statistics

Yleistilastot
  • Tätä visaa on pelattu 3 163 kertaa
    2 037 viimeisimmän päivityksen jälkeen
  • Keskiarvotulos 24 / 31
Vastaustilastot
Vuosi Väkiluku Valtio % Oikein
100 eaa. 1426 milj. Kiina
99%
1880 350 milj. Yhdysvallat
99%
500 1456 milj. Intia
98%
1825 145 milj. Venäjä
96%
1949 212 milj. Brasilia
94%
1965 69,1 milj. Ranska
94%
1893 84,5 milj. Saksa
94%
1911 124 milj. Japani
93%
1969 131 milj. Meksiko
89%
1916 284 milj. Indonesia
84%
1985 117 milj. Egypti
83%
1962 59,3 milj. Italia
83%
1965 234 milj. Nigeria
83%
1948 69,8 milj. Yhdistynyt kuningaskunta
82%
2006 64,3 milj. Etelä-Afrikka
80%
1963 253 milj. Pakistan
80%
1985 91,9 milj. Iran
79%
1985 71,7 milj. Thaimaa
79%
2000 111 milj. Kongon dem. tasavalta
76%
2013 51,7 milj. Etelä-Korea
75%
1984 87,6 milj. Turkki
75%
1959 174 milj. Bangladesh
73%
1978 101 milj. Vietnam
73%
1991 133 milj. Etiopia
67%
1982 116 milj. Filippiinit
67%
2018 56,8 milj. Kenia
64%
2019 53,1 milj. Kolumbia
62%
2023 50,7 milj. Sudan
56%
2014 69,3 milj. Tansania
53%
2012 54,6 milj. Myanmar
50%
2024 50,5 milj. Uganda
33%
Ehtoja vastaavia visoja ei löytynyt
Tulosjakauma
Jokaisen tuloksen saaneiden osuus
Persentiili vastausten määrän mukaan
Tuloshistoriasi
Et ole pelannut tätä visaa sen viimeisimmän päivityksen jälkeen